Statistics for Countries That Contain Letters IT Consecutively

Click here to take the quiz!

General Stats

  • This quiz has been taken 17 times
  • The average score is 10 of 13

Answer Stats

ContinentAnswer% Correct
EuropeItaly
100%
EuropeLithuania
100%
N AmericaSaint Kitts And Nevis
92%
N AmericaHaiti
85%
AfricaEritrea
77%
AsiaKuwait
77%
AfricaMauritania
77%
AfricaMauritius
77%
EuropeSwitzerland
77%
EuropeVatican City
77%
AsiaUnited Arab Emirates
69%
EuropeUnited Kingdom
69%
N AmericaUnited States Of America
69%

Score Distribution

Percentile by Number Answered

Percent of People with Each Score

Your Score History

You have not taken this quiz